Retrouver la chanson - Statistiques

Statistiques générales
  • Ce quiz a été pris 235 fois
  • Le résultat moyen est 4 sur 15
Statistiques - réponses
Hint Réponse % Correct
Egaré dans la vallée infernale... L'aventurier - Indochine
93%
Ça met un peu de chaleur, Au fond de mon cœur Les démons de minuit - Images
69%
On a toute la nuit pour s'aimer (er), En attendant, viens danser Sous les sunlights des tropiques - Gilbert Montagné
42%
Je voue mes nuits ... L'assasymphonie - Mozart l'opéra rocl
40%
Mais c'est pas pour moi le costard uniforme / J'ai pas l'intégrale du gendre idéal On s'attache - Christophe Maé
32%
You push and pull like a magnet do Shape of you - Ed Sheeran
22%
Baby you light up my world like nobody else what makes you beautiful - 1D
18%
I want to love you, feel you, Wrap myself around you I'm so excited - Pointed Sister
17%
Go on now, go, walk out the door, Just turn around now I will survive - Gloria Gaynor
13%
We know eachother for so long, your heart's been aching but you're too shy to say it never gonna give you up - Rick Ashley
6%
Comme un médicament, moi je suis rien sans toi Fever - Dua Lipa, Angèle
5%
I wanna hold 'em like they do in Texas, please Fold 'em, let 'em hit me, raise it, baby, stay with me (I love it) Poker face - Lady Gaga
4%
At anytime an invitation You can't decline Killer queen - Queen
3%
The world I love / The tears I drop / To be part of Can't Stop - Red Hot Chili Peppers
2%
Little darling, it's been a long cold lonely winter Here comes the sun - The Beatles
2%
Aucun quiz correspondant
Distribution des résultats
% des personnes avec chaque résultat
Percentile par nombre de réponses
Votre historique - résultats
Vous n’avez pas pris ce quiz